000 00676nam a22002417a 4500
001 79243
003 UA-OsUOA
005 20220822143806.0
007 ta
008 20111107b un ||||| |||| 00| 0 ukr d
020 _a5771500356
040 _aUA-OsUOA
_brus
_cUA-OsUOA
_dUA-OsUOA
041 _arus
080 _a821.161.1(44)
090 _a821.161.1(44)
_bМ80
100 _aМоруа А.
245 _aЖорж Санд
_cАндре Моруа
260 _aК.
_bМистецтво
_c1988
300 _a457 с.
650 7 _a821 Художня література окремими мовами і мовними сім'ями
_2UDC
942 _cBK
_2udc
955 _a3
999 _c365557
_d365557